La estructura de la evaluación docente : análisis conceptual y metodológico /
Guardado en:
| Autor principal: | |
|---|---|
| Otros Autores: | |
| Formato: | Libro |
| Lenguaje: | Spanish |
| Publicado: |
San José, C.R. :
Oficina de Publicaciones de la Universidad de Costa Rica,
1987
|
| Materias: | |
| Etiquetas: |
Agregar Etiqueta
Sin Etiquetas, Sea el primero en etiquetar este registro!
|
MARC
| LEADER | 00000nam a2200000Ia 4500 | ||
|---|---|---|---|
| 008 | 180601b1987 cr ||||| |||| 00| | spa d | ||
| 999 | |c 1092 |d 1092 | ||
| 020 | |a 9977-917-56-6 | ||
| 090 | |a 13.09.09 |b 560 | ||
| 100 | 1 | |a Chavarría González, María Celina |9 200 | |
| 245 | 1 | 3 | |a La estructura de la evaluación docente : análisis conceptual y metodológico / |c María Celina Chavarría; Eduardo Castillo |
| 260 | |a San José, C.R. : |b Oficina de Publicaciones de la Universidad de Costa Rica, |c 1987 | ||
| 300 | |a 94 páginas | ||
| 650 | 1 | 4 | |a DOCENTES |9 331 |
| 650 | 1 | 4 | |a EVALUACIÓN |9 287 |
| 700 | 1 | |a Castillo Ortiz , Julio Eduardo |9 2978 | |
| 942 | |i 00827 |h 13.09.09 560 |2 z |c 01 | ||



